50 Biggest Cities along the Volga River on a Blank Map - Statistics

General Stats
  • This quiz has been taken 255 times
  • The average score is 12 of 50
Answers on the Map
Answers color-coded by a green-red scale on the quiz's map according to % correct below.
 
Answer Stats
Answer Population % Correct
Volgograd 1 004 763
96%
Kazan 1 257 341
87%
Nizhny Novgorod 1 244 254
86%
Samara 1 144 759
85%
Saratov 830 155
76%
Astrakhan 524 371
73%
Tolyatti 693 072
60%
Yaroslavl 601 403
56%
Tver 424 969
53%
Ulyanovsk 625 462
51%
Kostroma 277 393
37%
Cheboksary 495 810
34%
Engels 226 143
31%
Rybinsk 182 383
26%
Volzhsk 52 703
26%
Syzran 165 199
23%
Balakovo 186 012
20%
Volzhsky 323 853
19%
Kamyshin 108 665
18%
Novocheboksarsk 127 586
16%
Dubna 74 499
13%
Rzhev 56 399
13%
Volsk 60 948
13%
Zelenodolsk 100 009
12%
Kineshma 79 936
11%
Marks 30 241
11%
Akhtubinsk 36 127
10%
Kstovo 66 928
10%
Uglich 31 452
10%
Gorodets 29 353
9%
Novokuybyshevsk 99 469
8%
Tutayev 39 749
8%
Kalyazin 12 294
7%
Kimry 42 301
7%
Zhigulyovsk 50 782
7%
Balakhna 48 122
6%
Bor 76 732
6%
Khvalynsk 12 143
6%
Konakovo 35 407
6%
Lyskovo 20 828
6%
Oktyabrsk 25 771
6%
Kozmodemyansk 19 970
5%
Volgorechensk 15 822
4%
Dubovka 13 442
3%
Novoulyanovsk 13 588
3%
Vasilyevo 16 602
3%
Zavolzhye 33 035
3%
Krasnoslobodsk 16 838
2%
Nikolayevsk 13 310
2%
Privolzhsky 33 344
2%
No matching quizzes found
Score Distribution
Percent of People with Each Score
Percentile by Number Answered
Your Score History
You have not taken this quiz